L'educazione popolare. (Record no. 58686)
[ view plain ]
| 000 -LEADER | |
|---|---|
| campo de control de longitud fija | 00450nam a2200145 i 4500 |
| 001 - NÚMERO DE CONTROL | |
| campo de control | 58686 |
| 003 - IDENTIFICADOR DE NÚMERO DE CONTROL | |
| campo de control | ES-MaACL |
| 005 - FECHA Y HORA DE LA ÚLTIMA TRANSACCIÓN | |
| campo de control | 20230906163849.0 |
| 007 - CAMPO FIJO DE DESCRIPCIÓN FÍSICA--INFORMACIÓN GENERAL | |
| campo de control de longitud fija | t| |
| 008 - DATOS DE LONGITUD FIJA--INFORMACIÓN GENERAL | |
| campo de control de longitud fija | 031023s1953 it ||||1| ita d |
| 245 02 - MENCIÓN DEL TÍTULO | |
| Título | L'educazione popolare. |
| 260 ## - PUBLICACIÓN, DISTRIBUCIÓN, ETC. | |
| Lugar de publicación, distribución, etc. | Roma : |
| Nombre del editor, distribuidor, etc. | Ministero della Publica Istruzione, Conitato Centrale per l'Educacione Popolare, |
| Fecha de publicación, distribución, etc. | 1953 ( |
| Fabricante | Instituto Poligráfico dello Stato) |
| 300 ## - DESCRIPCIÓN FÍSICA | |
| Extensión | 175 p. ; |
| Dimensiones | 25 cm. |
| 852 ## - LOCALIZACIÓN | |
| Ubicación | ES-MaACL |
| Número de control de estantería | C-23795 |
| Estatus retirado | Estado de pérdida | Estado de daño | No para préstamo | Biblioteca de origen | Biblioteca actual | Ubicación en estantería | Fecha de adquisición | Fuente de adquisición | Total de préstamos | Signatura topográfica completa | Código de barras | Visto por última vez | Precio de reemplazo | Tipo de ítem Koha |
|---|---|---|---|---|---|---|---|---|---|---|---|---|---|---|
| Biblioteca del Ateneo de Madrid | Biblioteca del Ateneo de Madrid | Depósito 2 | 17/01/2008 | C-23795 | 1061567 | 23/02/2023 | 23/02/2023 | Libro impreso |
